Who's That With Frank Sinatra? Quiz Stats

 Plays Quiz Updated Sep 9, 2015

Challenge
Share
Tweet
Score 0/25 Timer 05:00
13 Plays Today
% Correct
John F. Kennedy
99.1%
Elvis Presley
98.1%
Ronald and Nancy Reagan
91.7%
Dean Martin
83.8%
Tom Selleck
83.3%
Sammy Davis, Jr.
79.2%
Johnny Carson
74.9%
Cary Grant and Sophia Loren
73.4%
Humphrey Bogart and Lauren Bacall
73.3%
Paul Newman and Eva Marie Saint
70.5%
John Wayne
69%
Luciano Pavarotti
65.1%
Kirk Douglas
60.6%
% Correct
Marilyn Monroe
60.4%
Mia Farrow
59.9%
Princess Grace of Monaco and Celeste Holm
56.8%
Bing Crosby and Rosemary Clooney
53.7%
Don Rickles
53.6%
Nat King Cole
51.3%
Harpo Marx, Jayne Mansfield and Red Skelton
49.8%
Gene Kelly and Fred Astaire
48.6%
Orson Welles
44.4%
Ava Gardner
39.4%
Donna Reed
25.7%
Kim Novak
20.1%

You're not logged in!

Compare scores with friends on all Sporcle quizzes.
Join for Free
OR
Log In

You Might Also Like...

Show Comments

Extras

Top Quizzes Today


Score Distribution

Your Account Isn't Verified!

In order to create a playlist on Sporcle, you need to verify the email address you used during registration. Go to your Sporcle Settings to finish the process.

Report this User

Report this user for behavior that violates our Community Guidelines.

Details: